| 000 | 00599nam a22002057a 4500 | ||
|---|---|---|---|
| 001 | 2235 | ||
| 005 | 20231113112022.0 | ||
| 020 | _a9780545152303 | ||
| 040 |
_aFISKH _beng _cFISKH _dFISKH |
||
| 082 | _a676 | ||
| 100 | _aNelson, May | ||
| 245 |
_aRip it, tear it: _bPaper / _cINVESTIGATE MATERIALS by May Nelson |
||
| 260 |
_aNew York : _bScholastic, _c2008 |
||
| 300 |
_a28 pages : _billustrations _c22 cm |
||
| 505 | _aF | ||
| 520 | _aCan a brown book be green? Find out how old paper can be turned into a new brown book. | ||
| 521 |
_a360 _bLexile |
||
| 521 |
_aF _bRaz-Plus |
||
| 942 |
_2ddc _cBK _n0 |
||
| 999 |
_c2235 _d2235 |
||